Majlis perasmian Persidangan Pengarah JPPH ke 40 [ 5 Disember 1995

Bibliographic Details
Corporate Authors: INSPEN (Institut Penilaian Negara), JPPH (Jabatan Penilaian dan Perkhidmatan Harta)
Format: Book
Published: Bangi : INSPEN , 1995
Subjects:

MARC

LEADER 00000cam a2200000 7i4500
001 0000005743
005 20101027.0
008 101027
040 |a INS 
090 0 0 |a VCD 1653 
245 0 0 |a Majlis perasmian Persidangan Pengarah JPPH ke 40 [  |h cakera video] :   |b 5 Disember 1995 
260 |a Bangi :   |b INSPEN ,   |c 1995 
300 |a 1 cakera video (1 jam) :   |b wrn., by. ;   |c 4 3/4 in. 
500 |a Juga terdapat dalam format vhs: VHS 614 
650 0 0 |a Executives   |x congress 
710 1 |a INSPEN (Institut Penilaian Negara) 
710 1 |a JPPH (Jabatan Penilaian dan Perkhidmatan Harta) 
999 |a VCD0001653   |b VIDEO CD   |c Media Collection   |e Default branch